000
00321nam a2200133Ia 4500
005
20251222143121.0
008
251222s9999||||xx |||||||||||||| ||spa||
020
_a
84-7151-155-X
082
_a
818.57/L85V
100
_a
London, Jack
245
0
_a
El Vagabundo de las Estrellas
264
_b
Plaza & Janés
942
_c
LIB
999
_c
11543
_d
11543